Movies Quiz

Random Movies or Actor Quiz

Classic Actors II Quiz Stats

 Plays Quiz Updated Dec 10, 2018

Support Sporcle.
Go Orange.
Score 0/24 Timer 06:00
2 Plays Today
% Correct
James Dean
91.7%
Shirley Temple
85.5%
Katharine Hepburn
76%
Cary Grant
69.6%
Judy Garland
69.5%
Sidney Poitier
65.4%
Grace Kelly
58.8%
Jack Lemmon
51.3%
Spencer Tracy
44.8%
Joan Crawford
43.5%
Burt Lancaster
40.7%
Harry Belafonte
38.1%
% Correct
Peter O'Toole
35.5%
Mae West
34.7%
Anne Bancroft
34.2%
Janet Leigh
29%
Boris Karloff
27.7%
Barbara Stanwyck
25.7%
Laurence Olivier
24.4%
Olivia de Havilland
24.4%
Buster Keaton
24.1%
Lena Horne
23.9%
Claudette Colbert
22.1%
Robert Preston
14.5%

From the Vault

Song Time

by sufradley

Music 3m
Who knew you could tell time just by listening to music?
Remove Ads.
Support Sporcle.
Get the best of Sporcle when you Go Orange. This ad-free experience offers more features, more stats, and more fun while also helping to support Sporcle. Thank you for becoming a member.

Show Comments

Extras

Top Quizzes Today


Score Distribution

Your Account Isn't Verified!

In order to create a playlist on Sporcle, you need to verify the email address you used during registration. Go to your Sporcle Settings to finish the process.

Report this User

Report this user for behavior that violates our Community Guidelines.

Details: